| 000 | 00890nam a22002297a 4500 | ||
|---|---|---|---|
| 999 |
_c19786 _d19786 |
||
| 003 | AR-CdUCM | ||
| 008 | 190522b ||||| |||| 00| 0 spa d | ||
| 040 |
_aMUNICIPALIDAD PROVINCIAL DEL CUSCO _cBIBLIOTECA MUNICIPAL DEL CUSCO |
||
| 041 | _heng | ||
| 082 |
_a335.8 / _bP47 |
||
| 100 |
_aPeterson, Florence _941376 |
||
| 245 |
_aEl sindicalismo en los Estados Unidos : _bhistoria, estructura y funcionamiento / |
||
| 260 |
_aBuenos Aires : _bBibliográfica Argentina, _c1959. |
||
| 300 |
_a253 páginas ; _c24 cm. |
||
| 505 | _aContenido: Desarrollo del movimiento gremial norteamericano -- Los últimos veinte años -- Estructura y gobierno interno... | ||
| 650 |
_aSindicatos _92512 |
||
| 650 |
_aEstructuras internas _941377 |
||
| 650 |
_aGobiernos _910721 |
||
| 700 |
_aMercader de Sanchez Alnornoz, Martha (traducción) _941378 |
||
| 942 |
_2ddc _cLIBROS |
||
| 945 |
_adavv _d2019-05-22 |
||